Gemeinden Landkreis Fürstenfeldbruck - Statistiken

Allgemein
  • Dieses Quiz wurde 124 mal gespielt
  • Das Durchschnittsergebnis liegt bei 13 aus 23
Antwortstatistiken
Einwohner Gemeindeart Gemeindename % Korrekt
37.004 Große Kreisstadt Fürstenfeldbruck
100%
40.399 Stadtgemeinde Germering
93%
27.985 Stadtgemeinde Olching
87%
21.417 Stadtgemeinde Puchheim
76%
3.875 Gemeinde Grafrath
67%
14.293 Gemeinde Maisach
67%
20.029 Gemeinde Gröbenzell
65%
4.830 Gemeinde Mammendorf
65%
11.922 Gemeinde Eichenau
63%
3.689 Gemeinde Türkenfeld
61%
3.941 Gemeinde Alling
57%
6.782 Gemeinde Emmering
57%
1.907 Gemeinde Schöngeising
57%
1.571 Gemeinde Jesenwang
52%
1.718 Gemeinde Oberschweinbach
46%
1.547 Gemeinde Hattenhofen
43%
2.062 Gemeinde Althegnenberg
41%
1.613 Gemeinde Landsberied
41%
3.498 Gemeinde Egenhofen
39%
1.749 Gemeinde Adelshofen
37%
4.159 Gemeinde Moorenweis
37%
1.608 Gemeinde Kottgeisering
33%
1.713 Gemeinde Mittelstetten
31%
Keine übereinstimmenden Quizze gefunden
Verteilung der Resultate
Anzahl Personen mit jedem Resultat
Perzentil nach korrekt beantworteten Fragen
Ihre Resultats-Entwicklung
Sie haben dieses Quiz noch nicht gespielt